<?xml version="1.0" encoding="UTF-8"?>
<collection xmlns="http://www.loc.gov/MARC21/slim">
 <record>
  <leader>00701nam a2200217   4500</leader>
  <controlfield tag="001">000013481</controlfield>
  <controlfield tag="003">9823</controlfield>
  <controlfield tag="005">20150812150821.0</controlfield>
  <controlfield tag="008">120316s1975                           sd</controlfield>
  <datafield tag="100" ind1="0" ind2=" ">
   <subfield code="a">Phan Nguyên Hồng</subfield>
  </datafield>
  <datafield tag="245" ind1="0" ind2="0">
   <subfield code="a">Thực hành phân loại thực vật</subfield>
   <subfield code="c">Phan Nguyên Hồng, Hoàng Thị Sản, Lương Ngọc Toản</subfield>
  </datafield>
  <datafield tag="260" ind1=" " ind2=" ">
   <subfield code="a">H.</subfield>
   <subfield code="b">Giáo dục</subfield>
   <subfield code="c">1975</subfield>
  </datafield>
  <datafield tag="774" ind1=" " ind2=" ">
   <subfield code="a">Phan Nguyên Hồng</subfield>
   <subfield code="d">Giáo dục</subfield>
   <subfield code="d">H.</subfield>
   <subfield code="d">1975</subfield>
   <subfield code="g">T. 2</subfield>
   <subfield code="h">151tr : hình vẽ</subfield>
   <subfield code="n">Bảng tra cuối sách</subfield>
   <subfield code="w">9822</subfield>
  </datafield>
  <datafield tag="OWN" ind1=" " ind2=" ">
   <subfield code="a">LSP</subfield>
  </datafield>
  <datafield tag="999" ind1=" " ind2=" ">
   <subfield code="a">From the UDN01</subfield>
  </datafield>
  <datafield tag="TYP" ind1=" " ind2=" ">
   <subfield code="a">Monograph</subfield>
  </datafield>
  <datafield tag="TYP" ind1=" " ind2=" ">
   <subfield code="a">Printed language</subfield>
  </datafield>
  <datafield tag="980" ind1=" " ind2=" ">
   <subfield code="a">Mạng thư viện Đại học Đà Nẵng</subfield>
  </datafield>
 </record>
</collection>
